| 000 | 00618nam a22001937a 4500 | ||
|---|---|---|---|
| 005 | 20260211125543.0 | ||
| 010 | _aENG-147799 | ||
| 020 |
_a9788199376304 _c3580.00 |
||
| 035 | _aEN-131331 | ||
| 037 | _bDBAD | ||
| 082 | _a643.3 | ||
| 100 |
_aRamchandani, Moiina _987294 |
||
| 245 | 0 | 0 |
_aDadi's Kitchen/ _cMoiina Ramchandani |
| 250 | _a1 | ||
| 260 |
_aNew Delhi _bKW Publishers KW Publishers in association with Centre for Land Warfare Studies _c2026 |
||
| 270 |
_a4676/21, First Floor, Ansari Road, Daryaganj, _bNew Delhi _e110002 |
||
| 300 |
_a151p. _c22cm(pb) |
||
| 942 |
_2ddc _cEN _h643.3 _mRAM |
||
| 999 |
_c214802 _d214802 |
||